Statistics for Movie Titles from a Parallel Dimension #4

Click here to take the quiz!

General Stats

  • This quiz has been taken 1,741 times
    (55 since last reset)
  • The average score is 15 of 20

Answer Stats

Parallel Dimension MovieRegular Movie% Correct
Tom Hunks in...Foolish GuyForrest Gump
88%
Tom Cruze in...Molehunt: ImpregnableMission: Impossible
88%
Keanu Reefs in...Terra MachinaThe Matrix
88%
Angry Lee's...Lifeboat Of PetsLife of Pi
85%
Jennifer Laurence in...Tribute Hunting GirlThe Hunger Games
85%
Heathe Ledger in...The Deranged KillerThe Dark Knight
83%
Brad Pit & Angie Jolie in...Me And My SpouseMr and Mrs Smith
77%
Reneé Zelwegger in...Brit Judges DatesBridget Jones's Diary
73%
Daniel Crag in...Card RoomCasino Royale
73%
Sandria Bullock...SwiftnessSpeed
73%
Pixart presents...Troublesome SpacemanToy Story
73%
Will Smythe in...Intergalactic DestroyersIndependence Day
67%
Emma Stoned in...Leading Lady LoveLa La Land
67%
Kelvin Costner in...WetlandWaterworld
67%
Quentin Tarantula's...Robbing DiamondsReservoir Dogs
65%
Neeve Campbell in...SlasherScream
65%
Jack Nickleson in...Turning SchizoidThe Shining
65%
Nicola Kidman in...Chilly MountCold Mountain
58%
Audrey Hepbern in...Mastering Fine LanguageMy Fair Lady
58%
Robert D. Nero in...Ring BrawlerRaging Bull
56%

Score Distribution

Percentile by Number Answered

Percent of People with Each Score

Your Score History

You have not taken this quiz since the last reset